| 000 | 00364nam a2200133Ia 4500 | ||
|---|---|---|---|
| 008 | 240624s9999 xx 000 0 und d | ||
| 041 | _aeng | ||
| 082 | _a330.0954 GAR | ||
| 100 | _aGARRATT ANTHONY | ||
| 245 | _aGLOBAL AND NATIONAL MACROECONOMETRIC MOD | ||
| 260 |
_c2012 _aNew Delhi _bOxford University Press |
||
| 300 | _axix, 380 p.; 23 cm. | ||
| 365 |
_cBPS _b38 |
||
| 999 |
_c31125 _d31125 |
||